000 00400nam a22001457a 4500
999 _c8672
_d8672
003 OSt
008 200702b ||||| |||| 00| 0 eng d
020 _a9789386700575
100 _aSanjay G. Walode, Bidya Bhushan
245 _aPharmaceutical Analysis
250 _a5th
260 _aNew Delhi
_bNirali Prakashan
_c2019
650 _aPharmaceutical Analysis and Quality Assurance
942 _2ddc
_cBK
_035